Every Mega Evolution in Pokémon - Statistics

General Stats
  • This quiz has been taken 555 times
    227 since last reset
  • The average score is 76 of 93
Answer Stats
Type(s) Pokémon % Correct
Fire/Dragon Mega Charizard X
99%
Fire/Flying Mega Charizard Y
99%
Grass/Poison Mega Venusaur
98%
Ghost/Poison Mega Gengar
97%
Water Mega Blastoise
96%
Dragon/Flying Mega Dragonite
96%
Bug/Poison Mega Beedrill
95%
Normal/Flying Mega Pidgeot
94%
Water/Ground Mega Swampert
94%
Fire/Fighting Mega Blaziken
93%
Psychic Mega Alakazam
92%
Dragon/Ground Mega Garchomp
92%
Water/Dark Mega Gyarados
92%
Psychic/Fighting Mega Mewtwo X
92%
Psychic Mega Mewtwo Y
92%
Dragon/Flying Mega Rayquaza
91%
Bug/Steel Mega Scizor
91%
Electric Mega Raichu X
90%
Electric Mega Raichu Y
90%
Grass/Dragon Mega Sceptile
90%
Dark/Fire Mega Houndoom
89%
Fighting/Steel Mega Lucario
89%
Water/Psychic Mega Starmie
89%
Rock/Flying Mega Aerodactyl
88%
Psychic/Fairy Mega Gardevoir
88%
Steel/Psychic Mega Metagross
88%
Steel/Ground Mega Steelix
88%
Electric/Dragon Mega Ampharos
87%
Water/Dark Mega Greninja
87%
Rock/Dark Mega Tyranitar
87%
Dark Mega Absol
86%
Water/Dragon Mega Feraligatr
86%
Grass/Fairy Mega Meganium
86%
Steel/Flying Mega Skarmory
86%
Grass/Poison Mega Victreebel
86%
Grass/Ice Mega Abomasnow
85%
Dark Mega Darkrai
85%
Fighting/Steel Mega Lucario Z
85%
Fighting/Psychic Mega Medicham
85%
Bug/Flying Mega Pinsir
85%
Fairy/Flying Mega Clefable
84%
Psychic/Fighting Mega Gallade
84%
Dragon Mega Garchomp Z
84%
Fire/Steel Mega Heatran
84%
Steel/Fairy Mega Mawile
84%
Water/Dark Mega Sharpedo
84%
Ice/Ghost Mega Froslass
83%
Ice Mega Glalie
83%
Bug/Fighting Mega Heracross
83%
Normal Mega Kangaskhan
83%
Dark/Ghost Mega Sableye
83%
Dragon/Flying Mega Salamence
83%
Steel Mega Aggron
82%
Dragon/Fairy Mega Altaria
82%
Fire/Ground Mega Camerupt
82%
Fire/Psychic Mega Delphox
82%
Fire/Fighting Mega Emboar
82%
Fighting/Flying Mega Hawlucha
82%
Dragon/Psychic Mega Latias
82%
Dragon/Psychic Mega Latios
82%
Grass/Fighting Mega Chesnaught
81%
Rock/Fairy Mega Diancie
81%
Electric Mega Manectric
80%
Fire/Normal Mega Pyroar
80%
Ghost Mega Banette
79%
Ghost/Fire Mega Chandelure
79%
Poison/Dragon Mega Dragalge
79%
Water/Psychic Mega Slowbro
79%
Normal/Fairy Mega Audino
78%
Dark/Ghost Mega Absol Z
77%
Ground/Steel Mega Excadrill
77%
Bug/Poison Mega Scolipede
77%
Electric Mega Eelektross
76%
Normal/Dragon Mega Drampa
75%
Normal/Fighting Mega Lopunny
75%
Fighting/Flying Mega Staraptor
74%
Dragon/Ice Mega Baxcalibur
73%
Dragon/Ground Mega Zygarde
73%
Dark/Psychic Mega Malamar
72%
Steel/Fairy Mega Magearna
71%
Psychic/Steel Mega Chimecho
68%
Ground/Ghost Mega Golurk
68%
Fighting/Ice Mega Crabominable
67%
Dark/Fighting Mega Scrafty
67%
Rock/Fighting Mega Barbaracle
66%
Rock/Poison Mega Glimmora
65%
Grass/Fire Mega Scovillain
65%
Fighting Mega Falinks
64%
Electric Mega Zeraora
64%
Fairy Mega Eternal Flower Floette
63%
Psychic Mega Meowstic
63%
Water/Dragon Mega Tatsugiri
63%
Bug/Steel Mega Golisopod
59%
No matching quizzes found
Score Distribution
Percent of People with Each Score
Percentile by Number Answered
Your Score History
You have not taken this quiz since the last reset